000 01328nam a2200349 i 4500
003 EG-GICUC
005 20260121101531.0
008 251222s2016 ua ||||fr|||| 00| 0 ara d
017 _a201523646
020 _a9789770479353
040 _a EG-GICUC
_bara
_c EG-GICUC
_d EG-GICUC
_erda
041 0 _aara
082 0 4 _221
_a345.44
_bح س . م
092 0 4 _221
099 _aLaw1 07 345.44ح س . م 1 ed - 2016
100 0 _aحسين مصطفى محمود.
_eمؤلف.
245 1 2 _aمسئولية الموظف العام وحمايته في مصر وأمريكا /
_cحسين مصطفى محمود.
246 _aPublic Employee Liability And Protection In Egypt And America.
250 _aالطبعة الاولى
264 3 _aالقاهرة :
_bدار النهضة العربية,
_c2016.
300 _a427 ؛ صفحة
_c24 سم.
336 _2rda content
_atext
337 _2rda media
_aComputer
338 _2rda carrier
_aOnline Resource
504 _aيحتوي على ارجاعات ببليوجرافية يحتوي على قائمة بالمراجع
546 _aالنص باللغة العربية
650 1 4 _aواجبات الموظف العام
_2qrmak
651 1 _2qrmak
856 4 0 _uhttps://fll.law.cu.edu.eg/fulltext/bks/B07-01788.pdf
905 _a75
_eYara
942 _2ddc
_cBK
_e21
_n0
999 _c52119
_d52119